Normal view
MARC view
- الخصخصة - السعودية
Entry Topical Term
001 - CONTROL NUMBER
- control field: 34406
003 - CONTROL NUMBER IDENTIFIER
- control field: JO-AjAnu
005 - DATE AND TIME OF LATEST TRANSACTION
- control field: 20230606075750.0
008 - FIXED-LENGTH DATA ELEMENTS
- fixed length control field: 230606|| aca||aabn | a|a d
040 ## - CATALOGING SOURCE
- Original cataloging agency: JO-AjAnu
- Transcribing agency: JO-AjAnu
150 ## - HEADING--TOPICAL TERM
- Topical term or geographic name entry element: الخصخصة - السعودية
670 ## - SOURCE DATA FOUND
- Source citation: Work cat.: (JO-AjAnu)17672: اعداد: احمد، فايز عبدالهادي, author 34405, الخصخصة: دراسة تطبيقية على المملكة العربية السعودية